[Event "BRA-ch 83rd"]
[Site "Rio de Janeiro"]
[Date "2017.02.14"]
[Round "11"]
[White "El Debs, Felipe de Cresce"]
[Black "De Paula, Rafael Figueiredo"]
[Result "1-0"]
[WhiteElo "2523"]
[BlackElo "2322"]
[PlyCount "131"]
[EventDate "2017.02.06"]
[EventType "tourn"]
[EventRounds "11"]
[EventCountry "BRA"]
[EventCategory "6"]
[SourceTitle "CBM 176 Extra"]
[Source "ChessBase"]
[SourceDate "2017.03.02"]
[SourceVersion "1"]
[SourceVersionDate "2017.03.02"]
[SourceQuality "1"]

1. Nf3 Nf6 2. c4 c5 3. Nc3 e6 4. g3 b6 5. Bg2 Bb7 6. 0-0 Be7 7. d4 cxd4 8. Qxd4 d6 9. Bg5 a6 10. Bxf6 Bxf6 11. Qf4 0-0 12. Rfd1 Be7 13. Ne4 Bxe4 14. Qxe4 Ra7 15. Nd4 Rc7 16. b3 Qc8 17. Rd2 Rd8 18. Qe3 Bf8 19. Rad1 Re8 20. Qe4 Nd7 21. e3 Nf6 22. Qb1 Rc5 23. Rc2 Rd8 24. b4 Rc7 25. Rdc1 Qd7 26. a4 Rdc8 27. b5 a5 28. Nc6 Qe8 29. Rd2 Nd7 30. h4 Nc5 31. Qc2 f5 32. Kh2 Rf7 33. f4 Rf6 34. e4 fxe4 35. Bxe4 Qh5 36. Re1 h6 37. Kg2 Rc7 38. Bf3 Qf7 39. Qd1 g6 40. Rde2 g5 41. Nd8 Qg6 42. hxg5 hxg5 43. fxg5 Qxg5 44. Nxe6 Nxe6 45. Rxe6 Rg7 46. g4 Rxe6 47. Rxe6 Re7 48. Qxd6 Rxe6 49. Qxe6+ Kg7 50. Qxb6 Bc5 51. Qc7+ Kf8 52. Qc8+ Ke7 53. Qb7+ Kf8 54. Qa8+ Kg7 55. Qe4 Qd2+ 56. Be2 Qb2 57. Qb7+ Kg6 58. Qc6+ Kg7 59. Qxc5 Qxe2+ 60. Kg3 Qe1+ 61. Kf4 Qc1+ 62. Kf5 Qf1+ 63. Ke4 Qg2+ 64. Ke5 Qg3+ 65. Kd5 Qf3+ 66. Kd6 1-0

[Event "BRA-ch 83rd"]
[Site "Rio de Janeiro"]
[Date "2017.02.12"]
[Round "9"]
[White "Pinto, Carlos Henrique Lop"]
[Black "De Paula, Rafael Figueiredo"]
[Result "0-1"]
[WhiteElo "2121"]
[BlackElo "2322"]
[PlyCount "124"]
[EventDate "2017.02.06"]
[EventType "tourn"]
[EventRounds "11"]
[EventCountry "BRA"]
[EventCategory "6"]
[SourceTitle "CBM 176 Extra"]
[Source "ChessBase"]
[SourceDate "2017.03.02"]
[SourceVersion "1"]
[SourceVersionDate "2017.03.02"]
[SourceQuality "1"]

1. d4 Nf6 2. c4 e6 3. g3 c5 4. Nf3 cxd4 5. Nxd4 d5 6. Bg2 Bb4+ 7. Bd2 Be7 8. cxd5 Nxd5 9. Nc3 Nb6 10. Bf4 a6 11. Rc1 0-0 12. 0-0 N8d7 13. Nb3 e5 14. Bd2 Rb8 15. Qc2 Nf6 16. Rfd1 Qe8 17. Be3 Nc4 18. Bg5 b5 19. Nd2 Be6 20. Nxc4 bxc4 21. Bxf6 Bxf6 22. Nd5 Bg5 23. e3 Qb5 24. Qxc4 Qxb2 25. Qxa6 Kh8 26. h4 Bh6 27. a4 Rfd8 28. Qf1 Qb3 29. Qc4 Qb7 30. Qc7 Qb3 31. a5 g6 32. a6 Rd7 33. Qa5 Rb5 34. Qa1 Rbxd5 35. Rxd5 Rxd5 36. Bxd5 Bxd5 37. Qxe5+ Kg8 38. a7 Bf8 39. Kh2 Qb7 40. Qb8 Qa6 41. Rc8 Qa3 42. a8Q Bxa8 43. Qxa8 Qb4 44. Qc6 Qe7 45. e4 h5 46. Rc7 Qe5 47. f4 Qd4 48. Qc4 Qf6 49. e5 Qf5 50. Rc8 Kg7 51. Qc3 Bb4 52. Qc7 Qg4 53. Qc4 Be1 54. Qc5 Bxg3+ 55. Kh1 Qxh4+ 56. Kg1 Bh2+ 57. Kg2 Qg3+ 58. Kh1 Kh7 59. e6 Qh3 60. exf7 Bxf4+ 61. Kg1 Be3+ 62. Qxe3 Qxe3+ 0-1

[Event "BRA-ch 83rd"]
[Site "Rio de Janeiro"]
[Date "2017.02.11"]
[Round "8"]
[White "De Paula, Rafael Figueiredo"]
[Black "Quintiliano Pinto, Renato Rodrigues"]
[Result "1/2-1/2"]
[WhiteElo "2322"]
[BlackElo "2491"]
[PlyCount "142"]
[EventDate "2017.02.06"]
[EventType "tourn"]
[EventRounds "11"]
[EventCountry "BRA"]
[EventCategory "6"]
[SourceTitle "CBM 176 Extra"]
[Source "ChessBase"]
[SourceDate "2017.03.02"]
[SourceVersion "1"]
[SourceVersionDate "2017.03.02"]
[SourceQuality "1"]

1. e4 c5 2. Nf3 d6 3. d4 cxd4 4. Nxd4 Nf6 5. Nc3 a6 6. Bc4 e6 7. 0-0 b5 8. Bb3 Be7 9. Qf3 Qc7 10. Qg3 0-0 11. Bh6 Ne8 12. Be3 Bd7 13. f4 Nc6 14. Nxc6 Bxc6 15. f5 e5 16. Bd5 Kh8 17. Bxc6 Qxc6 18. Nd5 Bd8 19. c3 Nf6 20. Nxf6 Bxf6 21. Qf3 a5 22. Rac1 Rg8 23. Rfd1 g6 24. Rd5 gxf5 25. Qxf5 Rg6 26. g3 Bg7 27. Qf1 Rb8 28. b3 a4 29. c4 axb3 30. cxb5 Qa8 31. axb3 Qa3 32. Bf2 Rf6 33. Qd1 Bh6 34. Rc3 Kg7 35. Rf3 Rc8 36. Rxf6 Rc1 37. Rfxd6 Qxb3 38. Qxc1 Bxc1 39. Rxe5 Be3 40. Red5 Qb1+ 41. Rd1 Bxf2+ 42. Kxf2 Qxb5 43. R6d5 Qc4 44. e5 Qc2+ 45. R1d2 Qf5+ 46. Ke3 Qg5+ 47. Ke2 Qg4+ 48. Ke3 Qg5+ 49. Kd3 Qf5+ 50. Kc3 Qc8+ 51. Kb2 Qb7+ 52. Kc1 Qc6+ 53. Kd1 Qa4+ 54. Ke1 Qe4+ 55. Kf2 Qf5+ 56. Kg1 Qb1+ 57. Rd1 Qe4 58. R5d2 Qxe5 59. Rf2 Qe3 60. Rdf1 Qd4 61. h3 Qc5 62. Kh2 Qd5 63. Rf5 Qe6 64. h4 Qc4 65. R1f2 Qe6 66. h5 Qc4 67. Rxf7+ Qxf7 68. Rxf7+ Kxf7 69. Kh3 h6 70. Kg4 Ke6 71. Kf4 Kf6 1/2-1/2

[Event "BRA-ch 83rd"]
[Site "Rio de Janeiro"]
[Date "2017.02.11"]
[Round "7"]
[White "Souza Neves, Andrey Marcelo"]
[Black "De Paula, Rafael Figueiredo"]
[Result "1-0"]
[WhiteElo "2218"]
[BlackElo "2322"]
[PlyCount "119"]
[EventDate "2017.02.06"]
[EventType "tourn"]
[EventRounds "11"]
[EventCountry "BRA"]
[EventCategory "6"]
[SourceTitle "CBM 176 Extra"]
[Source "ChessBase"]
[SourceDate "2017.03.02"]
[SourceVersion "1"]
[SourceVersionDate "2017.03.02"]
[SourceQuality "1"]

1. d4 f5 2. Bf4 Nf6 3. e3 d6 4. Nf3 g6 5. h4 h6 6. Bc4 e6 7. Nc3 Qe7 8. Qe2 Bg7 9. e4 fxe4 10. Nxe4 Nh5 11. Bh2 Nc6 12. Bd3 0-0 13. c3 Bd7 14. 0-0-0 Qf7 15. Kb1 Rab8 16. Qc2 Ne7 17. Nxd6 cxd6 18. Bxd6 Nf4 19. Be4 Bc6 20. Bxb8 Rxb8 21. g3 Bxe4 22. Qxe4 Nfd5 23. Ne5 Bxe5 24. Qxe5 Nc6 25. Qe2 Re8 26. f4 Qf5+ 27. Ka1 Nb6 28. g4 Qxf4 29. Rdf1 Qc7 30. Rf6 Qg7 31. Rhf1 Nd7 32. Rxe6 Rf8 33. Rxf8+ Nxf8 34. Re8 Qf7 35. h5 Qf4 36. Kb1 gxh5 37. gxh5 Qf5+ 38. Kc1 Qg5+ 39. Kc2 Qf5+ 40. Qe4 Qxe4+ 41. Rxe4 Kf7 42. d5 Ne7 43. c4 Nf5 44. c5 Nd7 45. c6 bxc6 46. dxc6 Nb6 47. c7 Nd6 48. Re5 Kf6 49. Rc5 Ke6 50. a4 Ndc8 51. a5 Nd5 52. Rc6+ Kf5 53. Rxh6 Kg5 54. Rh8 Nde7 55. Kb3 Kf6 56. h6 Kg6 57. Kc4 a6 58. Kc5 Kf6 59. Rxc8 Nxc8 60. Kc6 1-0

[Event "Florianopolis op 3rd"]
[Site "Florianopolis"]
[Date "2017.01.21"]
[Round "2"]
[White "De Paula, Rafael Figueiredo"]
[Black "Franca, Willian Bento"]
[Result "0-1"]
[WhiteElo "2312"]
[BlackElo "2119"]
[PlyCount "92"]
[EventDate "2017.01.20"]
[EventType "swiss"]
[EventRounds "10"]
[EventCountry "BRA"]
[SourceTitle "CBM 176 Extra"]
[Source "ChessBase"]
[SourceDate "2017.03.02"]
[SourceVersion "1"]
[SourceVersionDate "2017.03.02"]
[SourceQuality "1"]

1. e4 c5 2. Nf3 g6 3. d4 cxd4 4. Qxd4 Nf6 5. e5 Nc6 6. Qa4 Nd5 7. Qe4 Nb6 8. Nc3 d5 9. exd6 Bf5 10. Qe2 Qxd6 11. Nb5 Qb8 12. Nbd4 Bg7 13. Nxf5 gxf5 14. g3 0-0 15. Bh3 e6 16. 0-0 Nd5 17. c3 b5 18. Bg2 Qb6 19. a4 b4 20. c4 Nf6 21. Be3 Qa5 22. Rad1 Rad8 23. Nd2 Qa6 24. Nb3 Na5 25. Nxa5 Qxa5 26. b3 Rd7 27. Rxd7 Nxd7 28. Rd1 Ne5 29. Qc2 Bf6 30. h4 Rd8 31. Rxd8+ Bxd8 32. Bd4 Qc7 33. Ba1 Qd6 34. Bf3 f6 35. Qd1 Qxd1+ 36. Bxd1 Kf7 37. Bd4 Be7 38. Bc2 a5 39. Kf1 Nd7 40. Ke2 Bc5 41. Bb2 Ne5 42. Bxe5 fxe5 43. f3 Kf6 44. Bb1 h6 45. g4 Kg6 46. Kf1 Be7 0-1

[Event "Florianopolis op 3rd"]
[Site "Florianopolis"]
[Date "2017.01.21"]
[Round "3"]
[White "Fontenele, Edson Guilherme Lop"]
[Black "De Paula, Rafael Figueiredo"]
[Result "0-1"]
[WhiteElo "1723"]
[BlackElo "2312"]
[PlyCount "66"]
[EventDate "2017.01.20"]
[EventType "swiss"]
[EventRounds "10"]
[EventCountry "BRA"]
[SourceTitle "CBM 176 Extra"]
[Source "ChessBase"]
[SourceDate "2017.03.02"]
[SourceVersion "1"]
[SourceVersionDate "2017.03.02"]
[SourceQuality "1"]

1. Nf3 Nf6 2. Nc3 d5 3. d4 g6 4. Bf4 Bg7 5. Nb5 Na6 6. e3 0-0 7. c4 Bf5 8. Rc1 c6 9. Nc3 Qa5 10. Bd3 Bxd3 11. Qxd3 Nb4 12. Qd2 dxc4 13. 0-0 Nd3 14. Rc2 b5 15. Bg3 b4 16. Ne2 Nxb2 17. Nc1 c3 18. Qe2 Ne4 19. Ne5 Nxg3 20. hxg3 Bxe5 21. dxe5 Qxe5 22. Nd3 Nxd3 23. Qxd3 Rfd8 24. Qe2 a5 25. Rd1 Rxd1+ 26. Qxd1 Qd5 27. Qe2 Rd8 28. Kf1 Qd1+ 29. Qxd1 Rxd1+ 30. Ke2 Rd6 31. a3 c5 32. e4 a4 33. Ke3 b3 0-1

[Event "Florianopolis op 3rd"]
[Site "Florianopolis"]
[Date "2017.01.20"]
[Round "1"]
[White "Alboredo, Julia"]
[Black "De Paula, Rafael Figueiredo"]
[Result "1/2-1/2"]
[WhiteElo "2102"]
[BlackElo "2312"]
[PlyCount "86"]
[EventDate "2017.01.20"]
[EventType "swiss"]
[EventRounds "10"]
[EventCountry "BRA"]
[SourceTitle "CBM 176 Extra"]
[Source "ChessBase"]
[SourceDate "2017.03.02"]
[SourceVersion "1"]
[SourceVersionDate "2017.03.02"]
[SourceQuality "1"]

1. e4 e6 2. d4 d5 3. Nc3 Nc6 4. e5 f6 5. exf6 Nxf6 6. Nf3 Bd6 7. Bg5 0-0 8. Bd3 h6 9. Bh4 Qe8 10. 0-0 Qh5 11. Nb5 Bd7 12. Re1 Ne4 13. Nxd6 cxd6 14. Bg3 Nxg3 15. hxg3 Rae8 16. c4 Nb4 17. Be2 Qf7 18. Qd2 Nc6 19. Bd3 dxc4 20. Bxc4 Nd8 21. Rad1 g5 22. Bb3 Bc6 23. d5 exd5 24. Bxd5 Bxd5 25. Qxd5 Qxd5 26. Rxd5 Rxe1+ 27. Nxe1 Nf7 28. Nc2 Rc8 29. Ne3 Rc1+ 30. Kh2 Rb1 31. Nc4 Kg7 32. Rd2 h5 33. b3 Ra1 34. Nxd6 Nxd6 35. Rxd6 Rxa2 36. Rd7+ Kg6 37. Rxb7 g4 38. b4 a6 39. Rb6+ Kg5 40. b5 axb5 41. Rxb5+ Kg6 42. Kg1 Ra1+ 43. Kh2 Ra2 1/2-1/2

[Event "Brasilia Terraviva op"]
[Site "Brasilia"]
[Date "2017.01.08"]
[Round "5"]
[White "Barbosa, Evandro Amorim"]
[Black "De Paula, Rafael Figueiredo"]
[Result "1-0"]
[WhiteElo "2496"]
[BlackElo "2312"]
[PlyCount "109"]
[EventDate "2017.01.06"]
[EventType "swiss"]
[EventRounds "6"]
[EventCountry "BRA"]
[SourceTitle "CBM 176 Extra"]
[Source "ChessBase"]
[SourceDate "2017.03.02"]
[SourceVersion "1"]
[SourceVersionDate "2017.03.02"]
[SourceQuality "1"]

1. g3 Nf6 2. Bg2 c5 3. e4 d6 4. c4 g6 5. Nc3 Bg7 6. Nge2 0-0 7. 0-0 Nbd7 8. d3 Rb8 9. h3 b6 10. Be3 Bb7 11. Qd2 Re8 12. Rab1 e6 13. Nb5 Qe7 14. Nxa7 d5 15. Bg5 dxe4 16. d4 Red8 17. Qc2 h6 18. Be3 Ra8 19. Nb5 cxd4 20. Bxd4 Rxa2 21. Nec3 Raa8 22. Nxe4 Bxe4 23. Bxe4 Nxe4 24. Qxe4 Nc5 25. Qe3 Bxd4 26. Nxd4 Qf6 27. Nb5 Kg7 28. b4 Nd7 29. Rfe1 Ra2 30. Kg2 Rc8 31. Nd6 Rca8 32. Rbd1 Qb2 33. Nxf7 Nf6 34. Nd8 Ne4 35. Rd7+ Kg8 36. Rf1 Qf6 37. Qxe4 Rxd8 38. Rxd8+ Qxd8 39. Qxg6+ Kf8 40. Qxh6+ Ke7 41. Qg7+ Ke8 42. Qg6+ Ke7 43. Qg5+ Ke8 44. Qe5 Qa8+ 45. Kg1 Kf7 46. Qc7+ Kg6 47. Re1 Ra1 48. Rxa1 Qxa1+ 49. Kg2 Qd4 50. Qc6 Kf7 51. Qc7+ Ke8 52. Qc6+ Kf7 53. c5 bxc5 54. Qxc5 Qe4+ 55. Kh2 1-0

[Event "Brasilia Terraviva op"]
[Site "Brasilia"]
[Date "2017.01.08"]
[Round "6"]
[White "De Paula, Rafael Figueiredo"]
[Black "Nascimento, Pedro Henrique Alve"]
[Result "1-0"]
[WhiteElo "2312"]
[BlackElo "1944"]
[PlyCount "103"]
[EventDate "2017.01.06"]
[EventType "swiss"]
[EventRounds "6"]
[EventCountry "BRA"]
[SourceTitle "CBM 176 Extra"]
[Source "ChessBase"]
[SourceDate "2017.03.02"]
[SourceVersion "1"]
[SourceVersionDate "2017.03.02"]
[SourceQuality "1"]

1. c4 e5 2. g3 Nf6 3. Bg2 Nc6 4. Nc3 Bb4 5. Nd5 Be7 6. a3 a5 7. e3 Nxd5 8. cxd5 Nb8 9. Ne2 d6 10. 0-0 0-0 11. Qc2 Na6 12. Nc3 Bd7 13. Rb1 Qc8 14. Rd1 f5 15. d3 Qe8 16. b4 axb4 17. axb4 Rc8 18. b5 Nb8 19. Bd2 Kh8 20. Rdc1 Qh5 21. Qd1 Qxd1+ 22. Rxd1 Be8 23. b6 c6 24. Ra1 Na6 25. Rxa6 bxa6 26. b7 Rb8 27. dxc6 Bd8 28. Ra1 e4 29. Rxa6 Bxc6 30. Rxc6 Rxb7 31. dxe4 Rb2 32. Be1 fxe4 33. Bxe4 Rb6 34. Rc4 Ra6 35. Kg2 Ra1 36. Bd2 Ba5 37. Rd4 Rd8 38. Nb5 Bxd2 39. Rxd2 Ra6 40. Bd5 Rb6 41. Nd4 Rdb8 42. Rc2 Rb2 43. Rc7 Rf8 44. Bf3 h6 45. Ne6 Re8 46. Bd5 g5 47. g4 Rd2 48. e4 Rb8 49. Rf7 Rd1 50. Nf8 Rxd5 51. exd5 Kg8 52. Nd7 1-0

[Event "Goiania-ch"]
[Site "Goiania"]
[Date "2016.12.03"]
[Round "7"]
[White "De Paula, Rafael Figueiredo"]
[Black "Bocca, Edson Ricardo"]
[Result "1-0"]
[WhiteElo "2296"]
[BlackElo "1640"]
[PlyCount "63"]
[EventDate "2016.11.26"]
[EventType "tourn"]
[EventRounds "9"]
[EventCountry "BRA"]
[SourceTitle "EXT 2018"]
[Source "ChessBase"]
[SourceDate "2017.10.13"]
[SourceVersion "1"]
[SourceVersionDate "2017.10.13"]
[SourceQuality "1"]

1. c4 Nf6 2. g3 e6 3. Bg2 Be7 4. Nc3 c6 5. e4 e5 6. d4 d6 7. Nf3 Bg4 8. Be3 0-0 9. 0-0 Bxf3 10. Qxf3 Qd7 11. h3 Qe8 12. Qe2 Nbd7 13. f4 h6 14. d5 c5 15. f5 Nh7 16. h4 f6 17. Bf3 Kh8 18. Bh5 Qd8 19. Kh1 Rg8 20. Rg1 Rf8 21. Rg2 a6 22. Rag1 Rb8 23. a4 Rg8 24. Qd2 Qf8 25. Bg6 Qd8 26. Qe2 Ndf8 27. Bf7 Nd7 28. Qh5 Qf8 29. g4 Nb6 30. b3 Rc8 31. g5 fxg5 32. hxg5 1-0

[Event "Goiania-ch"]
[Site "Goiania"]
[Date "2016.11.27"]
[Round "3"]
[White "Rosa, Paulo Estevao"]
[Black "De Paula, Rafael Figueiredo"]
[Result "0-1"]
[WhiteElo "1898"]
[BlackElo "2296"]
[PlyCount "108"]
[EventDate "2016.11.26"]
[EventType "tourn"]
[EventRounds "9"]
[EventCountry "BRA"]
[SourceTitle "EXT 2018"]
[Source "ChessBase"]
[SourceDate "2017.10.13"]
[SourceVersion "1"]
[SourceVersionDate "2017.10.13"]
[SourceQuality "1"]

1. e3 g6 2. c4 Bg7 3. Nc3 d6 4. b3 c5 5. Bb2 Nc6 6. Nf3 Nh6 7. d4 cxd4 8. Nb5 Bg4 9. Be2 Qa5+ 10. Kf1 0-0 11. Nfxd4 Nxd4 12. Bxd4 Bxe2+ 13. Qxe2 a6 14. Bxg7 Kxg7 15. Nd4 Nf5 16. Qb2 Kg8 17. h4 h5 18. g4 hxg4 19. h5 Qe5 20. Rd1 Qe4 21. Ke2 Nxd4+ 22. Qxd4 Qxd4 23. exd4 Kg7 24. hxg6 fxg6 25. Rdg1 Rf4 26. Ke3 Raf8 27. Rh2 Rf3+ 28. Ke2 R8f4 29. d5 Re4+ 30. Kd2 b5 31. cxb5 axb5 32. Rg3 Rd4+ 33. Kc2 Rf5 34. Re3 Rfxd5 35. Rxe7+ Kf6 36. Re2 b4 37. Rh8 Kg5 38. Rf8 Rf5 39. Rh8 Kf4 40. Rg8 Kf3 41. Re6 Kxf2 42. Rexg6 Rc5+ 43. Kb1 Rd1+ 44. Kb2 Rcd5 45. Rc8 R5d2+ 46. Rc2 g3 47. Rf6+ Kg1 48. Rf4 g2 49. Rxb4 Kf2 50. Rg4 g1Q 51. Rxg1 Rxc2+ 52. Kxc2 Rxg1 53. a4 Ke3 54. Kc3 d5 0-1

[Event "Goiania STD-ch sf"]
[Site "Goiania"]
[Date "2016.11.15"]
[Round "7"]
[White "De Paula, Rafael Figueiredo"]
[Black "Da Silva Filho, Jair Humberto"]
[Result "1-0"]
[WhiteElo "2254"]
[BlackElo "2005"]
[PlyCount "85"]
[EventDate "2016.11.12"]
[EventType "swiss"]
[EventRounds "7"]
[EventCountry "BRA"]
[SourceTitle "CBM 175 Extra"]
[Source "ChessBase"]
[SourceDate "2016.12.12"]
[SourceVersion "1"]
[SourceVersionDate "2016.12.12"]
[SourceQuality "1"]

1. d4 Nf6 2. Nc3 d5 3. Bg5 Nbd7 4. f3 h6 5. Bf4 a6 6. e4 e6 7. Nge2 c5 8. exd5 exd5 9. dxc5 Nxc5 10. Qd2 Be6 11. Rd1 Be7 12. Nd4 Bd7 13. Be2 b5 14. a3 Ne6 15. Be5 Nxd4 16. Bxd4 Be6 17. 0-0 Qc7 18. Kh1 0-0 19. Bd3 Nh5 20. f4 Bd6 21. g3 f5 22. Be2 Qf7 23. Bf3 b4 24. axb4 Bxb4 25. Qe2 Nf6 26. Bxf6 gxf6 27. Qxe6 Qxe6 28. Bxd5 Qf7 29. Bxf7+ Kxf7 30. Nd5 Bd6 31. Ne3 Ke6 32. Rfe1 Bc5 33. Nd5+ Kf7 34. b4 Bd6 35. c4 Rfe8 36. c5 Bf8 37. Rxe8 Rxe8 38. Nc7 Re2 39. Nxa6 Ra2 40. b5 Rc2 41. c6 Ke6 42. c7 Bd6 43. b6 1-0

[Event "Goiania STD-ch sf"]
[Site "Goiania"]
[Date "2016.11.13"]
[Round "4"]
[White "De Paula, Rafael Figueiredo"]
[Black "Carneiro, Vitor Roberto Castr"]
[Result "0-1"]
[WhiteElo "2254"]
[BlackElo "2415"]
[PlyCount "64"]
[EventDate "2016.11.12"]
[EventType "swiss"]
[EventRounds "7"]
[EventCountry "BRA"]
[SourceTitle "CBM 175 Extra"]
[Source "ChessBase"]
[SourceDate "2016.12.12"]
[SourceVersion "1"]
[SourceVersionDate "2016.12.12"]
[SourceQuality "1"]

1. e4 c6 2. d4 d5 3. Nc3 dxe4 4. Nxe4 Bf5 5. Ng3 Bg6 6. h4 h6 7. Nf3 e6 8. h5 Bh7 9. Bd3 Bxd3 10. Qxd3 Nf6 11. Bd2 Be7 12. 0-0-0 0-0 13. Kb1 c5 14. Be3 Na6 15. Qb5 Qc7 16. Qe2 c4 17. c3 b5 18. Ne5 Rac8 19. a3 Qb7 20. Nf1 Nc7 21. Nd2 Ncd5 22. Rc1 a5 23. g4 b4 24. cxb4 axb4 25. Ndxc4 bxa3 26. f3 Rb8 27. b3 Qxb3+ 28. Ka1 Bb4 29. Bd2 Nc3 30. Bxc3 Bxc3+ 31. Rxc3 Qxc3+ 32. Ka2 Nd5 0-1

[Event "Goiania STD-ch sf"]
[Site "Goiania"]
[Date "2016.11.12"]
[Round "2"]
[White "De Paula, Rafael Figueiredo"]
[Black "Quintiliano Pinto, Renato Rodrigues"]
[Result "1/2-1/2"]
[WhiteElo "2254"]
[BlackElo "2487"]
[PlyCount "30"]
[EventDate "2016.11.12"]
[EventType "swiss"]
[EventRounds "7"]
[EventCountry "BRA"]
[SourceTitle "CBM 175 Extra"]
[Source "ChessBase"]
[SourceDate "2016.12.12"]
[SourceVersion "1"]
[SourceVersionDate "2016.12.12"]
[SourceQuality "1"]

1. e4 c5 2. Nf3 d6 3. d4 cxd4 4. Nxd4 Nf6 5. Nc3 g6 6. Be3 Bg7 7. f3 0-0 8. Qd2 Nc6 9. 0-0-0 d5 10. Qe1 e5 11. Nxc6 bxc6 12. exd5 Nxd5 13. Bc4 Be6 14. Kb1 e4 15. Nxe4 Rb8 1/2-1/2

[Event "Brasilia CBX/FBX"]
[Site "Brasilia"]
[Date "2016.11.01"]
[Round "9"]
[White "Lucena, Lincoln"]
[Black "De Paula, Rafael Figueiredo"]
[Result "0-1"]
[WhiteElo "2127"]
[BlackElo "2249"]
[PlyCount "86"]
[EventDate "2016.10.26"]
[EventType "tourn"]
[EventRounds "9"]
[EventCountry "BRA"]
[EventCategory "2"]
[SourceTitle "CBM 175 Extra"]
[Source "ChessBase"]
[SourceDate "2016.12.12"]
[SourceVersion "1"]
[SourceVersionDate "2016.12.12"]
[SourceQuality "1"]

1. Nf3 Nf6 2. g3 g6 3. Bg2 Bg7 4. 0-0 0-0 5. d3 d6 6. Nbd2 c5 7. a3 Nc6 8. Rb1 a5 9. b3 Nd5 10. Bb2 Nc3 11. Bxc3 Bxc3 12. Ne4 Bg7 13. c4 a4 14. Qc2 axb3 15. Rxb3 Na5 16. Rbb1 Bd7 17. Nc3 Bc6 18. e3 e6 19. e4 Qd7 20. Nd2 Rfb8 21. Nb5 Bxb5 22. cxb5 b6 23. f4 Ra7 24. h4 Nb7 25. Rb3 Rba8 26. Nc4 Na5 27. Nxb6 Qd8 28. Nxa8 Nxb3 29. Qxb3 Rxa8 30. b6 Rb8 31. Rb1 Bd4+ 32. Kh2 c4 33. dxc4 Bxb6 34. Qd3 Rc8 35. Rd1 Bc7 36. Qe2 Qf6 37. a4 Rb8 38. Rd2 Rb3 39. Rd3 Rb2 40. Qd1 Rb4 41. Qc2 Qa1 42. c5 Rb2 43. Qc4 Qf1 0-1

[Event "Brasilia CBX/FBX"]
[Site "Brasilia"]
[Date "2016.10.30"]
[Round "7"]
[White "De Paula, Rafael Figueiredo"]
[Black "Rodi, Luis Ernesto"]
[Result "1-0"]
[WhiteElo "2249"]
[BlackElo "2315"]
[PlyCount "89"]
[EventDate "2016.10.26"]
[EventType "tourn"]
[EventRounds "9"]
[EventCountry "BRA"]
[EventCategory "2"]
[SourceTitle "CBM 175 Extra"]
[Source "ChessBase"]
[SourceDate "2016.12.12"]
[SourceVersion "1"]
[SourceVersionDate "2016.12.12"]
[SourceQuality "1"]

1. Nf3 f5 2. d3 d6 3. e4 e5 4. Nc3 c5 5. g3 Nc6 6. Nh4 Nge7 7. Bh3 fxe4 8. Bxc8 Qxc8 9. dxe4 Qe6 10. Nd5 0-0-0 11. c3 Ng6 12. Nf5 Nge7 13. Bg5 g6 14. Nfe3 h6 15. Bxe7 Bxe7 16. h4 Rhf8 17. Qg4 Qxg4 18. Nxg4 h5 19. Nge3 Rf7 20. Ke2 Bf8 21. a4 Na5 22. Rad1 Bh6 23. b4 cxb4 24. cxb4 Bxe3 25. fxe3 Nc6 26. Rhf1 Rdf8 27. Rxf7 Rxf7 28. Rg1 Kd7 29. g4 Ne7 30. gxh5 gxh5 31. Rg5 Nxd5 32. exd5 Rh7 33. Kd3 Kc7 34. Ke4 Kb6 35. Rg6 Rd7 36. Kf5 a5 37. Ke6 Rc7 38. Kxd6 Rc4 39. Kxe5+ Kc7 40. Rg7+ Kb6 41. bxa5+ Kxa5 42. Rxb7 Rxh4 43. d6 Rh1 44. d7 Rd1 45. Rb5+ 1-0

[Event "Brasilia CBX/FBX"]
[Site "Brasilia"]
[Date "2016.10.29"]
[Round "5"]
[White "De Paula, Rafael Figueiredo"]
[Black "Delgado Ramirez, Neuris"]
[Result "0-1"]
[WhiteElo "2249"]
[BlackElo "2611"]
[PlyCount "122"]
[EventDate "2016.10.26"]
[EventType "tourn"]
[EventRounds "9"]
[EventCountry "BRA"]
[EventCategory "2"]
[SourceTitle "CBM 175 Extra"]
[Source "ChessBase"]
[SourceDate "2016.12.12"]
[SourceVersion "1"]
[SourceVersionDate "2016.12.12"]
[SourceQuality "1"]

1. e4 c5 2. Nf3 d6 3. d4 cxd4 4. Nxd4 Nf6 5. Nc3 a6 6. Bc4 e6 7. 0-0 Nc6 8. Nxc6 bxc6 9. Qe2 d5 10. Bb3 Be7 11. Ba4 Bd7 12. e5 Ng8 13. Qg4 g6 14. Ne2 h5 15. Qf3 Qc7 16. Nd4 Rc8 17. Qe2 Qa5 18. b3 h4 19. Bd2 Qb6 20. Be3 Qb7 21. h3 Rh5 22. f4 Nh6 23. c3 c5 24. Bxd7+ Qxd7 25. Nf3 Nf5 26. Bf2 c4 27. b4 a5 28. a3 Kf8 29. Nd4 Kg7 30. Rfb1 Bd8 31. Qc2 Nxd4 32. Bxd4 Rf5 33. Rf1 Rb8 34. Rab1 Qc6 35. Kh1 Bc7 36. Qf2 Bd8 37. Qc2 a4 38. Qd1 Qb5 39. Qg4 Be7 40. Rbd1 Rh8 41. Qe2 Kf8 42. Be3 Ke8 43. Qd2 Kd7 44. Qd4 Bd8 45. Qa7+ Bc7 46. Qd4 Kc6 47. Qd2 Qb7 48. Rb1 Kb5 49. Rbd1 Bb6 50. Qe2 Bc7 51. Bd4 Qc6 52. Qd2 Rg8 53. Be3 Bb6 54. Bxb6 Qxb6 55. Qe2 Qc7 56. Rd4 g5 57. Rfd1 Kb6 58. Qe3 Kb7 59. Rxd5 exd5 60. Rxd5 Qc6 61. Rd6 Qxg2+ 0-1

[Event "Goiania Goias Cup"]
[Site "Goiania"]
[Date "2016.10.16"]
[Round "5"]
[White "De Paula, Rafael Figueiredo"]
[Black "Da Silva Filho, Jair Humberto"]
[Result "1/2-1/2"]
[WhiteElo "2249"]
[BlackElo "1987"]
[PlyCount "90"]
[EventDate "2016.10.14"]
[EventType "swiss"]
[EventRounds "6"]
[EventCountry "BRA"]
[SourceTitle "CBM 175 Extra"]
[Source "ChessBase"]
[SourceDate "2016.12.12"]
[SourceVersion "1"]
[SourceVersionDate "2016.12.12"]
[SourceQuality "1"]

1. e4 c5 2. Nf3 g6 3. d4 cxd4 4. Qxd4 Nf6 5. e5 Nc6 6. Qa4 Nd5 7. Qe4 Ndb4 8. Bb5 a6 9. Ba4 Qa5 10. Nc3 e6 11. 0-0 Ne7 12. Rd1 Ned5 13. Bb3 Nxc3 14. bxc3 Nc6 15. c4 Bg7 16. Bd2 Qc7 17. Bf4 0-0 18. Rd2 Rb8 19. Rad1 b5 20. cxb5 Rxb5 21. c4 Rb4 22. Rd6 Na5 23. Qe1 Rb8 24. R1d3 Re8 25. Ba4 Nb7 26. Rxd7 Bxd7 27. Rxd7 Qxc4 28. Rd4 Qxa2 29. Bxe8 Rxe8 30. g3 Rd8 31. Rxd8+ Nxd8 32. h4 Qd5 33. Nh2 Nc6 34. Ng4 Nd4 35. Qb1 Ne2+ 36. Kh2 h5 37. Nh6+ Bxh6 38. Bxh6 Qxe5 39. Qd3 Nd4 40. Qc3 Qe4 41. Qc8+ Kh7 42. Qf8 Nf3+ 43. Kh3 Ng5+ 44. Kh2 Nf3+ 45. Kh3 Ng5+ 1/2-1/2